[Event "RUS Rapid GP Serpukhov"]
[Site "Serpukhov RUS"]
[Date "2018.02.23"]
[Round "6.7"]
[White "Savchenko, Boris"]
[Black "Girya, Olga"]
[Result "1/2-1/2"]
[WhiteTitle "GM"]
[BlackTitle "WGM"]
[WhiteElo "2550"]
[BlackElo "2482"]
[WhiteFideId "4147332"]
[BlackFideId "4195752"]
[EventDate "2018.02.23"]

1. e4 c6 2. Nc3 d5 3. d4 dxe4 4. Nxe4 Bf5 5. Ng3 Bg6 6. h4 h6 7. Nf3 e6 8. Ne5
Bh7 9. Bd3 Bxd3 10. Qxd3 Nd7 11. f4 Be7 12. Bd2 Nxe5 13. fxe5 Bxh4 14. O-O-O
Bxg3 15. Qxg3 Ne7 16. Qxg7 Rg8 17. Qxh6 Qd5 18. Kb1 Qxg2 19. Bb4 Nf5 20. Qh7 Qg7
21. Qh3 O-O-O 22. Qa3 Kb8 23. b3 Qg2 24. Rhe1 b6 25. Bc3 Rg3 26. Bb2 Kb7 27. Rf1
Rd7 28. Rc1 Ne3 29. Rf4 Rf3 30. Rxf3 Qxf3 31. Qf8 Nf5 32. Rg1 Ng3 33. a4 Qf2 34.
Rd1 Qf3 35. Rd3 Qh1+ 36. Ka2 Ne2 37. Re3 Nf4 38. Rg3 Ng6 39. Qe8 Rc7 40. Ba3 Qe4
41. Rd3 Nf4 42. Rd2 Qe3 43. Rh2 Ne2 44. Bb2 Nc3+ 45. Bxc3 Qxc3 46. Qd8 Rc8 47.
Qd6 Rc7 48. Kb1 b5 49. axb5 cxb5 50. Re2 Qf3 51. Rd2 Qc3 52. Re2 Qf3 53. Rh2 Qc3
54. d5 exd5 55. Qxd5+ Qc6 56. Qd2 Qe4 57. Re2 Qh1+ 58. Kb2 Qc6 59. Qb4 Qc5 60.
Qe4+ Qc6 61. Qf5 Qc3+ 62. Kb1 a5 63. e6 fxe6 64. Qxb5+ Ka7 65. Qg5 a4 66. Qg1+
Kb8 67. Qb6+ Rb7 68. Qd6+ Rc7 69. bxa4 Ka8 70. Qf8+ Rc8 71. Qd6 Rb8+ 72. Kc1
Qa1+ 73. Kd2 Qxa4 74. Re4 Qa5+ 75. Ke2 Qb5+ 76. Ke1 Qa5+ 77. Ke2 Qb5+ 78. Kf3
Qf1+ 79. Ke3 Qc1+ 80. Kf3 Qf1+ 81. Ke3 Qc1+ 82. Kf3 Qf1+ 83. Ke3 1/2-1/2

[Event "RUS Rapid GP Serpukhov"]
[Site "Serpukhov RUS"]
[Date "2018.02.23"]
[Round "6.8"]
[White "Frolyanov, Dmitry"]
[Black "Bordovsky, Vladimir"]
[Result "1-0"]
[WhiteTitle "GM"]
[WhiteElo "2567"]
[BlackElo "2326"]
[WhiteFideId "4151976"]
[BlackFideId "14118467"]
[EventDate "2018.02.23"]

1. e4 d6 2. d4 Nf6 3. Nc3 Nbd7 4. f4 e5 5. Nf3 exd4 6. Nxd4 Nc5 7. Bd3 g6 8. O-O
Bg7 9. f5 Nxd3 10. cxd3 Nd7 11. Nf3 c6 12. Kh1 O-O 13. Bg5 Qb6 14. Qd2 Re8 15.
Bh6 Bh8 16. Ng5 Re7 17. Rae1 Be5 18. Re3 Nf6 19. Ref3 gxf5 20. exf5 d5 21. Nh3
Kh8 22. Qg5 Ng8 23. f6 1-0

[Event "RUS Rapid GP Serpukhov"]
[Site "Serpukhov RUS"]
[Date "2018.02.23"]
[Round "6.9"]
[White "Popov, Ivan RUS"]
[Black "Smirnov, Timofey"]
[Result "0-1"]
[WhiteTitle "GM"]
[BlackTitle "FM"]
[WhiteElo "2608"]
[BlackElo "2324"]
[WhiteFideId "4170350"]
[BlackFideId "24176427"]
[EventDate "2018.02.23"]

1. e4 e5 2. Nf3 Nc6 3. Bc4 Bc5 4. O-O Nf6 5. d3 d6 6. c3 O-O 7. a4 a5 8. h3 Ba7
9. Re1 Ne7 10. Nbd2 Ng6 11. d4 exd4 12. cxd4 Nxe4 13. Nxe4 d5 14. Bg5 f6 15.
Bxf6 gxf6 16. Bb3 c6 17. Nc5 Qd6 18. Rc1 Kh8 19. Bc2 Nf4 20. Nd3 Ne6 21. Qd2 Qc7
22. Qh6 Qg7 23. Qe3 Bd7 24. Nf4 Rae8 25. Nh5 Qf7 26. Qh6 Nxd4 27. Rxe8 Nxf3+ 28.
gxf3 Rxe8 29. Nxf6 Re6 30. Qxh7+ Qxh7 31. Nxh7 Re2 32. Ng5 Rxf2 33. Kh1 Be3 0-1

[Event "RUS Rapid GP Serpukhov"]
[Site "Serpukhov RUS"]
[Date "2018.02.23"]
[Round "6.10"]
[White "Morozevich, Alexander"]
[Black "Nozdrachev, Leonid"]
[Result "1-0"]
[WhiteTitle "GM"]
[BlackTitle "FM"]
[WhiteElo "2665"]
[BlackElo "2410"]
[WhiteFideId "4116992"]
[BlackFideId "24113433"]
[EventDate "2018.02.23"]

1. e4 e5 2. Nf3 Nc6 3. Bb5 Nf6 4. d3 Bc5 5. c3 d6 6. O-O O-O 7. Bg5 Bb6 8. Nbd2
Ne7 9. Nh4 Bg4 10. Qe1 Nh5 11. Nc4 h6 12. Bd2 Ng6 13. Nxg6 fxg6 14. d4 c6 15.
Nxb6 axb6 16. Bc4+ d5 17. exd5 cxd5 18. Bb3 exd4 19. f3 Re8 20. Qf2 Bf5 21. Qxd4
Nf6 22. Rfe1 Qd6 23. Be3 b5 24. Bf4 Rxe1+ 25. Rxe1 Qc6 26. Re7 Re8 27. Bxd5+
Qxd5 28. Rxe8+ Kh7 29. Qxd5 1-0

[Event "RUS Rapid GP Serpukhov"]
[Site "Serpukhov RUS"]
[Date "2018.02.23"]
[Round "6.11"]
[White "Volkov, Sergey"]
[Black "Burger, Konstantin"]
[Result "1-0"]
[WhiteTitle "GM"]
[WhiteElo "2612"]
[BlackElo "2138"]
[WhiteFideId "4122763"]
[BlackFideId "24118117"]
[EventDate "2018.02.23"]

1. d4 d5 2. c4 c6 3. e3 Nf6 4. Nc3 e6 5. Nf3 Nbd7 6. Bd3 dxc4 7. Bxc4 Be7 8. e4
b5 9. Bd3 b4 10. Ne2 c5 11. e5 Nd5 12. O-O O-O 13. Qc2 h6 14. Bh7+ Kh8 15. Be4
Bb7 16. Nf4 cxd4 17. Bxd5 Bxd5 18. Nxd5 exd5 19. Rd1 Qb6 20. Qf5 Rad8 21. Nxd4
Bc5 22. Nb3 Qe6 23. Qxe6 fxe6 24. Nxc5 Nxc5 25. Be3 Rc8 26. Rac1 Na4 27. Bd4 Kg8
28. Kf1 Rfd8 29. Ke2 Nb6 30. f4 Kf7 31. b3 Kg6 32. Kf3 h5 33. h3 Re8 34. Bc5 Rc6
35. Bxb4 Rec8 36. Rxc6 Rxc6 37. g4 hxg4+ 38. hxg4 Rc2 39. Rd2 Rc1 40. Bd6 Rc3+
41. Kg2 Rc1 42. Bb8 a6 43. Ba7 Nc8 44. Be3 Rc3 45. Bd4 Rc1 46. Bb2 Rc6 47. Ba3
Rc3 48. Rf2 Nb6 49. f5+ Kf7 50. Bb2 Rc8 51. Kg3 Nd7 52. Bd4 Rc1 53. Kf4 Rd1 54.
Ke3 Rg1 55. Rc2 exf5 56. gxf5 Ke8 57. e6 Nf6 58. Rc8+ 1-0

[Event "RUS Rapid GP Serpukhov"]
[Site "Serpukhov RUS"]
[Date "2018.02.23"]
[Round "6.12"]
[White "Vul, Arkadi Eremeevich"]
[Black "Iljiushenok, Ilia"]
[Result "1-0"]
[WhiteTitle "GM"]
[BlackTitle "IM"]
[WhiteElo "2225"]
[BlackElo "2528"]
[WhiteFideId "4104307"]
[BlackFideId "24105074"]
[EventDate "2018.02.23"]

1. Nf3 Nf6 2. c4 g6 3. g3 Bg7 4. Bg2 O-O 5. d4 d6 6. O-O Nc6 7. Nc3 a6 8. h3 Bd7
9. e4 e5 10. Be3 exd4 11. Nxd4 Re8 12. Re1 Rb8 13. Rc1 Na5 14. b3 b5 15. cxb5
axb5 16. Nde2 Nc6 17. Nd4 Nxd4 18. Bxd4 c5 19. Bxf6 Qxf6 20. e5 Rxe5 21. Ne4 Qe7
22. Qxd6 Qxd6 23. Nxd6 Rxe1+ 24. Rxe1 Bf8 25. Ne4 Kg7 26. Rd1 Bc6 27. Ng5 Be8
28. Ne4 Bc6 29. Ng5 Be8 30. Ne4 Rb6 31. Rd8 Re6 32. Rc8 Bd7 33. Rc7 Bc6 34. Ng5
Re1+ 35. Kh2 Bxg2 36. Kxg2 Be7 37. h4 h6 38. Nf3 Re4 39. Kf1 Kf6 40. Rc6+ Re6
41. Rxe6+ Kxe6 42. Ke2 Kd5 43. Kd3 c4+ 44. bxc4+ bxc4+ 45. Ke2 Bf6 46. Nd2 c3
47. Nb3 Kc4 48. Nc1 h5 49. Kd1 Bd4 50. Ke2 Bb6 51. f3 Bc7 52. g4 Bg3 53. gxh5
gxh5 54. Nd3 Bxh4 55. Ne5+ Kd4 56. Nxf7 Bg3 57. Ng5 h4 58. Nh3 Bd6 59. a4 Ba3
60. Kd1 Kd3 61. Nf4+ Ke3 62. Ng2+ Kd4 63. Nf4 Bd6 64. Ne2+ Ke3 65. Ng1 Kd3 66.
Ne2 c2+ 67. Ke1 h3 68. Nc1+ Ke3 69. Kf1 Kxf3 70. Kg1 Ke3 71. a5 Ba3 72. Na2 Kd3
73. a6 Kc4 74. Kh2 Bc5 1-0

[Event "RUS Rapid GP Serpukhov"]
[Site "Serpukhov RUS"]
[Date "2018.02.23"]
[Round "6.13"]
[White "Evdokimov, Alexander A."]
[Black "Denisov, Vladislav"]
[Result "1/2-1/2"]
[WhiteTitle "GM"]
[WhiteElo "2502"]
[BlackElo "2227"]
[WhiteFideId "4139275"]
[BlackFideId "4100867"]
[EventDate "2018.02.23"]

1. Nf3 d5 2. c4 e6 3. g3 Nf6 4. Bg2 Be7 5. O-O O-O 6. b3 b6 7. Bb2 Bb7 8. cxd5
Nxd5 9. d4 c5 10. Nbd2 Nd7 11. Rc1 Rc8 12. a3 N5f6 13. dxc5 Nxc5 14. b4 Nce4 15.
Nxe4 Bxe4 16. Qxd8 Rfxd8 17. Nd4 Kf8 18. Bxe4 Nxe4 19. Nc6 Rd2 20. Ba1 Bf6 21.
Bxf6 Nxf6 22. Rfe1 a6 23. Rc3 Ne4 24. Rcc1 Ke8 25. f3 Nd6 26. Kf2 b5 27. Ne5 f6
28. Rxc8+ Nxc8 29. Rc1 Nd6 30. Nd3 Nc4 31. Nc5 Rd6 32. a4 Nb6 33. axb5 axb5 34.
Ra1 Nd5 35. Ra8+ Kf7 36. Ra7+ Kg6 37. Nd3 e5 38. Rb7 Nc3 39. Rc7 Nd1+ 40. Ke1
Ne3 41. Kf2 Nd1+ 42. Ke1 Ne3 43. Rc5 Rd5 44. Rxd5 Nxd5 45. Kd2 Kf7 46. e4 Nc7
47. Nc5 Ke7 48. Ke3 Ne6 49. Nxe6 1/2-1/2

[Event "RUS Rapid GP Serpukhov"]
[Site "Serpukhov RUS"]
[Date "2018.02.23"]
[Round "6.14"]
[White "Moskvin, Anatoly"]
[Black "Krylov, Mikhail RUS"]
[Result "1/2-1/2"]
[BlackTitle "GM"]
[WhiteElo "2088"]
[BlackElo "2476"]
[WhiteFideId "24199990"]
[BlackFideId "4151364"]
[EventDate "2018.02.23"]

1. e4 d5 2. exd5 Nf6 3. c4 e6 4. Nc3 exd5 5. d4 Be7 6. Nf3 O-O 7. Bd3 h6 8. O-O
Be6 9. cxd5 Nxd5 10. Re1 Nd7 11. Bc2 Re8 12. Nxd5 Bxd5 13. Qd3 Nf8 14. Ne5 c6
15. Qg3 Bg5 16. Be3 Bxe3 17. fxe3 Qg5 18. Qf2 Rad8 19. a3 Nd7 20. Nf3 Qh5 21. e4
Be6 22. Rad1 Bg4 23. b4 a5 24. h3 Bxf3 25. Qxf3 Qxf3 26. gxf3 axb4 27. axb4 Ra8
28. Ra1 Kf8 29. Kf2 Ke7 30. Bb3 Nf8 31. h4 h5 32. d5 Ng6 33. Kg3 Ne5 34. Red1 f6
35. f4 Nf7 36. Kf3 Rec8 37. Ke3 cxd5 38. Bxd5 Nd6 39. Kd3 Rxa1 40. Rxa1 Rc7 41.
Ra8 Nb5 42. Rg8 Kd6 43. Rd8+ Ke7 44. Rh8 Rc3+ 45. Kd2 Rf3 46. Rxh5 Rxf4 47. Ke3
Rg4 48. Bxb7 Nd6 49. Bd5 Rg1 50. e5 fxe5 51. Rxe5+ Kd7 52. Rg5 Re1+ 53. Kd4 Ne8
54. b5 Kc7 55. Bc6 Kb6 56. Re5 Rd1+ 57. Ke3 Nd6 58. Rd5 Rxd5 59. Bxd5 Nf5+ 60.
Kf4 Nxh4 1/2-1/2

[Event "RUS Rapid GP Serpukhov"]
[Site "Serpukhov RUS"]
[Date "2018.02.23"]
[Round "6.15"]
[White "Dvalishvili, Pavel S."]
[Black "Perov, German"]
[Result "0-1"]
[WhiteTitle "IM"]
[WhiteElo "2413"]
[BlackElo "2069"]
[WhiteFideId "4121996"]
[BlackFideId "44111410"]
[EventDate "2018.02.23"]

1. e4 e6 2. Qe2 b6 3. d4 Bb7 4. Nc3 Bb4 5. Nf3 Nf6 6. e5 Ne4 7. Qe3 f5 8. a3
Bxc3+ 9. bxc3 O-O 10. Be2 c5 11. O-O f4 12. Qd3 c4 13. Qd1 Nxc3 14. Qe1 Nxe2+
15. Qxe2 Bd5 16. c3 Nc6 17. Nd2 f3 18. Nxf3 Rxf3 19. gxf3 Qe8 20. Qe3 Qh5 21. f4
Ne7 22. f3 Nf5 23. Qf2 Nh4 24. Qg3 Rf8 25. a4 Nxf3+ 26. Kf2 Ng5 27. Ke1 Ne4 28.
Qe3 g5 29. Ra2 Qh4+ 30. Kd1 gxf4 31. Rg2+ Kh8 32. Ba3 Nxc3+ 33. Qxc3 Bxg2 34.
Bxf8 Bxf1 35. Qf3 Bd3 36. Qg2 Qh5+ 37. Kc1 Qg6 38. Qf2 Qe4 39. Bh6 Qh1+ 40. Kd2
f3 41. d5 Qg2 42. Ke1 0-1

[Event "RUS Rapid GP Serpukhov"]
[Site "Serpukhov RUS"]
[Date "2018.02.23"]
[Round "6.16"]
[White "Sergienko, Sergey"]
[Black "Lavrov, Maxim1"]
[Result "1/2-1/2"]
[WhiteTitle "IM"]
[BlackTitle "IM"]
[WhiteElo "2315"]
[BlackElo "2384"]
[WhiteFideId "4115791"]
[BlackFideId "4166418"]
[EventDate "2018.02.23"]

1. Nf3 Nf6 2. c4 g6 3. g3 Bg7 4. Bg2 O-O 5. O-O d6 6. d4 c6 7. Nc3 Qa5 8. Qc2
Qh5 9. Re1 e5 10. dxe5 dxe5 11. Bg5 Bf5 12. Qb3 Nbd7 13. Bxf6 Bxf6 14. Qxb7 e4
15. Nxe4 Bxe4 16. Qxd7 Bxb2 17. Rad1 Qa5 18. Nd4 Bxg2 19. Kxg2 Bxd4 20. Qxd4
Qxa2 21. Ra1 Qc2 22. Rxa7 Rxa7 23. Qxa7 Qxc4 24. Qe3 c5 25. Rc1 Qd5+ 26. Qf3 Qd6
27. Qd3 Qc6+ 28. Qf3 Qc7 29. Qd5 Rc8 30. Rc4 Qe7 31. Re4 Qc7 32. Rc4 Kf8 33. e4
Qe7 34. h4 h5 35. e5 Kg7 36. Rc2 Qc7 37. Rc4 Qb6 38. Rf4 Qc7 39. e6 fxe6 40.
Qxe6 Qc6+ 41. Qxc6 Rxc6 42. Kf1 c4 43. Ke2 c3 44. Kd1 Rd6+ 45. Ke1 1/2-1/2

[Event "RUS Rapid GP Serpukhov"]
[Site "Serpukhov RUS"]
[Date "2018.02.23"]
[Round "6.17"]
[White "Goganov, Aleksey"]
[Black "Solozhenkina, Elizaveta"]
[Result "1-0"]
[WhiteTitle "GM"]
[BlackTitle "WIM"]
[WhiteElo "2564"]
[BlackElo "2202"]
[WhiteFideId "24109959"]
[BlackFideId "34106615"]
[EventDate "2018.02.23"]

1. d4 d5 2. c4 e6 3. Nc3 Be7 4. Nf3 Nf6 5. Bf4 O-O 6. e3 Nbd7 7. Be2 dxc4 8. O-O
a6 9. a4 c5 10. d5 exd5 11. Nxd5 Nxd5 12. Qxd5 Nf6 13. Qe5 Be6 14. Ng5 Qd5 15.
Nxe6 Qxe6 16. Qxe6 fxe6 17. Bxc4 Kf7 18. Bg3 Rfd8 19. f4 Nd5 20. f5 Nxe3 21.
Bxe6+ Kf8 22. Rf3 Nc2 23. Raf1 Nd4 24. Re3 Bf6 25. Bc7 Nxe6 26. fxe6 Rd2 27. e7+
Ke8 28. Be5 Rd7 29. Bxf6 gxf6 30. Rxf6 Rxe7 31. Rxe7+ Kxe7 32. Rb6 Rb8 33. Kf2
Kd7 34. g4 Kc7 35. Rh6 Rf8+ 36. Kg3 Rf7 37. a5 c4 38. h4 Kd7 39. h5 Ke7 40. Rb6
Kf8 41. Kh4 Kg8 42. h6 Rc7 43. g5 Rd7 44. Kh5 Rc7 45. Rd6 Kf7 46. Rd8 Ke6 47. g6
hxg6+ 48. Kxg6 c3 49. bxc3 Rxc3 50. Re8+ Kd7 51. Re5 Rg3+ 52. Rg5 Re3 53. h7
Re6+ 54. Kg7 Re7+ 55. Kh6 1-0

[Event "RUS Rapid GP Serpukhov"]
[Site "Serpukhov RUS"]
[Date "2018.02.23"]
[Round "6.18"]
[White "Sukhareva, Evgeniya"]
[Black "Kharchenko, Boris"]
[Result "0-1"]
[BlackTitle "GM"]
[WhiteElo "2224"]
[BlackElo "2464"]
[WhiteFideId "4167155"]
[BlackFideId "14113210"]
[EventDate "2018.02.23"]

1. d4 d5 2. Nf3 Nf6 3. c4 c6 4. cxd5 cxd5 5. Nc3 Nc6 6. Bf4 Nh5 7. Bg5 h6 8. Bh4
g5 9. Bg3 Nxg3 10. hxg3 g4 11. Ng1 e5 12. dxe5 d4 13. Nb1 Qb6 14. Qc2 Bf5 15.
Qxf5 Qxb2 16. f3 Qc1+ 17. Kf2 Bb4 18. Na3 Nb8 0-1

[Event "RUS Rapid GP Serpukhov"]
[Site "Serpukhov RUS"]
[Date "2018.02.23"]
[Round "6.19"]
[White "Solozhenkin, Evgeniy"]
[Black "Kabanova, Ekaterina"]
[Result "1-0"]
[WhiteTitle "GM"]
[BlackTitle "WFM"]
[WhiteElo "2433"]
[BlackElo "2202"]
[WhiteFideId "4102266"]
[BlackFideId "24112917"]
[EventDate "2018.02.23"]

1. e4 c5 2. Nf3 e6 3. Nc3 a6 4. d4 cxd4 5. Nxd4 Qc7 6. Bd3 Nf6 7. O-O b5 8. Qe2
d6 9. a4 bxa4 10. Nxa4 Nbd7 11. Nb3 Be7 12. Bd2 O-O 13. f4 Bb7 14. Na5 Bc8 15.
Kh1 Rb8 16. b4 e5 17. c3 exf4 18. Bxf4 Ne5 19. Bxe5 dxe5 20. Nb3 h5 21. Nac5 Ra8
22. Bxa6 Bxa6 23. Rxa6 Rxa6 24. Qxa6 Ng4 25. h3 Nf6 26. Rd1 Bxc5 27. Nxc5 Rd8
28. Rxd8+ Qxd8 29. Qe2 h4 30. Kh2 g6 31. Nd3 Nh5 32. Qf3 Qc7 33. Nc5 Qe7 34. Nd3
Qc7 35. Nf2 Kg7 36. Ng4 Qa7 37. Ne3 Qa1 38. Nf5+ gxf5 39. Qxh5 Qxc3 40. Qg5+ Kf8
41. exf5 Qxb4 42. f6 Qc4 43. Qxe5 Kg8 44. Kg1 Qc1+ 45. Kf2 Qd2+ 46. Kf3 Qd1+ 47.
Qe2 Qb3+ 48. Qe3 Qd1+ 49. Kf4 Qd6+ 50. Kg5 Qd5+ 51. Kh6 Qe6 52. Qxe6 fxe6 53.
Kg5 Kf7 54. Kxh4 Kxf6 55. Kg4 Ke5 56. h4 Kf6 57. Kf4 1-0

[Event "RUS Rapid GP Serpukhov"]
[Site "Serpukhov RUS"]
[Date "2018.02.23"]
[Round "6.20"]
[White "Kholin, Aleksandr"]
[Black "Arkhipenko, Daniil"]
[Result "1/2-1/2"]
[WhiteTitle "FM"]
[WhiteElo "2410"]
[BlackElo "2143"]
[WhiteFideId "14179385"]
[BlackFideId "4191366"]
[EventDate "2018.02.23"]

1. d4 f5 2. c4 Nf6 3. g3 g6 4. Bg2 Bg7 5. Nc3 O-O 6. Nh3 d6 7. d5 a5 8. Nf4 Na6
9. h4 Qe8 10. h5 Ng4 11. hxg6 hxg6 12. Nb5 c5 13. Rb1 Bd7 14. a4 Ne5 15. b3 Rc8
16. Bb2 Nc7 17. Nd3 Nxd3+ 18. exd3 Nxb5 19. axb5 f4 20. Bxg7 Kxg7 21. Be4 fxg3
22. fxg3 Rh8 23. Kd2 Rxh1 24. Qxh1 Qh8 25. Ke3 b6 26. Re1 Rf8 27. Qxh8+ Rxh8 28.
d4 cxd4+ 29. Kxd4 Rh2 30. Re3 Bg4 31. Bd3 Kf6 32. Re4 Bf5 33. Re3 Rd2 34. Kc3
Rxd3+ 35. Rxd3 Bxd3 36. Kxd3 Kf5 37. Ke3 Ke5 38. Kd3 Kf5 39. Ke3 Ke5 40. Kd3 Kf5
41. Ke3 Ke5 1/2-1/2

[Event "RUS Rapid GP Serpukhov"]
[Site "Serpukhov RUS"]
[Date "2018.02.23"]
[Round "6.21"]
[White "Smirnova, Ekaterina"]
[Black "Fakhrutdinov, Timur"]
[Result "0-1"]
[WhiteTitle "WFM"]
[BlackTitle "FM"]
[WhiteElo "2102"]
[BlackElo "2429"]
[WhiteFideId "4110943"]
[BlackFideId "24176702"]
[EventDate "2018.02.23"]

1. e4 e5 2. Nf3 Nc6 3. Nc3 Nf6 4. d4 exd4 5. Nxd4 Bb4 6. Nxc6 bxc6 7. Bd3 d5 8.
exd5 cxd5 9. O-O O-O 10. h3 c6 11. Qf3 Rb8 12. Bf4 Bd6 13. b3 Rb4 14. Ne2 Bxf4
15. Nxf4 Qd6 16. c4 a5 17. Rad1 a4 18. Rfe1 Ba6 19. Bc2 Bxc4 20. bxc4 Rxc4 21.
Nxd5 cxd5 22. Rd2 Rfc8 23. Bd3 Rc1 24. Red1 g6 25. g3 Kg7 26. Qe3 Qb4 27. Kh2
Re8 28. Qf3 Rxd1 29. Qxd1 h5 30. Qc1 h4 31. Qb2 hxg3+ 32. fxg3 Qxb2 33. Rxb2 Re3
34. Bf1 a3 35. Rc2 Ne4 36. g4 d4 37. Kg1 d3 38. Rc1 d2 39. Rd1 Re1 0-1

[Event "RUS Rapid GP Serpukhov"]
[Site "Serpukhov RUS"]
[Date "2018.02.23"]
[Round "6.22"]
[White "Sakun, Volodymyr"]
[Black "Lauda, Alexandr"]
[Result "1-0"]
[WhiteTitle "FM"]
[WhiteElo "2330"]
[BlackElo "2008"]
[WhiteFideId "14114062"]
[BlackFideId "13903179"]
[EventDate "2018.02.23"]

1. Nf3 Nf6 2. c4 e6 3. Nc3 b6 4. a3 Bb7 5. d4 d5 6. Bf4 dxc4 7. Qa4+ Nbd7 8.
Qxc4 Bd6 9. Bg5 h6 10. Bh4 g5 11. Bg3 Ne4 12. e3 Rc8 13. Nxe4 Bxe4 14. Bd3 Bd5
15. Qa4 h5 16. e4 b5 17. Qxb5 Rb8 18. Qa5 g4 19. exd5 gxf3 20. dxe6 fxe6 21.
O-O-O fxg2 22. Rhe1 Qf6 23. Bc4 Nc5 24. Qc3 Bf4+ 25. Bxf4 Qxf4+ 26. Qe3 O-O 27.
Rg1 Nb3+ 28. Bxb3 Rxb3 29. Rxg2+ Kh7 30. Qxf4 Rxf4 31. Re1 Rb6 32. Re5 Rc6+ 33.
Kb1 Rh4 34. d5 exd5 35. Rxd5 Kh6 36. Rd8 Rg4 37. Rh8+ Kg7 38. Rxg4+ hxg4 39. Rh4
Rg6 40. h3 gxh3 41. Rxh3 Rg1+ 42. Ka2 Kf6 43. Rc3 Rg7 44. Rc6+ Ke5 45. Rc5+ Kd4
46. Rf5 c5 47. Rf8 c4 48. Rd8+ Ke4 49. Rd2 Rf7 50. Kb1 Rf3 51. Kc2 a5 52. Rd8
Rxf2+ 53. Kc3 a4 54. Ra8 Kd5 55. Ra5+ Kc6 56. Rxa4 Kd5 57. Ra5+ Kc6 58. Re5 Rh2
59. a4 Rg2 60. Rb5 Rg4 61. Rb8 Kc5 62. Rc8+ Kd5 63. Kb4 c3+ 64. Kxc3 Rxa4 65. b4
Kd6 66. Kc4 Kd7 67. Rc5 Ra6 68. Kb5 Rg6 69. Ka5 Rg1 70. b5 Ra1+ 71. Kb6 Rb1 72.
Rc4 Rb2 73. Ka6 Ra2+ 74. Kb7 Ra5 75. Rd4+ Ke7 76. b6 Ra1 77. Kb8 1-0

[Event "RUS Rapid GP Serpukhov"]
[Site "Serpukhov RUS"]
[Date "2018.02.24"]
[Round "7.1"]
[White "Kryakvin, Dmitry"]
[Black "Ponkratov, Pavel"]
[Result "1-0"]
[WhiteTitle "GM"]
[BlackTitle "GM"]
[WhiteElo "2567"]
[BlackElo "2605"]
[WhiteFideId "4153278"]
[BlackFideId "4157800"]
[EventDate "2018.02.23"]

1. d4 Nf6 2. Bg5 g6 3. Bxf6 exf6 4. e3 Bg7 5. g3 O-O 6. Bg2 f5 7. Ne2 d6 8. c4
c6 9. Nbc3 Nd7 10. O-O Nf6 11. b4 Re8 12. Qd3 Qe7 13. b5 Ne4 14. a4 a6 15. bxc6
bxc6 16. Rab1 a5 17. Rb6 Ra6 18. Rb8 Qc7 19. Rfb1 Nf6 20. R1b2 Ra7 21. R8b6 Bd7
22. Qb1 Rc8 23. Rb7 Rxb7 24. Rxb7 Qd8 25. Qb6 Qxb6 26. Rxb6 c5 27. d5 Ng4 28.
Rxd6 Be8 29. Ra6 Ne5 30. Rxa5 Nxc4 31. Ra6 Kf8 32. Nb5 Rb8 33. d6 Rd8 34. Bd5
Bxb5 35. axb5 Nxd6 36. b6 Ne4 37. b7 Be5 38. Bxe4 fxe4 39. Rc6 Ke7 40. Rxc5 Kd6
41. Rc8 Kd7 42. Rxd8+ Kxd8 43. Nc3 f5 44. Nd5 Kd7 45. Nf6+ Kc6 46. Nxh7 Kxb7 47.
Nf8 g5 48. Ng6 Bf6 49. h4 Kc6 50. hxg5 Bxg5 51. Nh4 Kd5 52. Nxf5 Ke5 53. Nh4 Bd8
54. Kg2 Bf6 55. Ng6+ Kf5 56. Nf4 Kg4 57. Kf1 Kf3 58. Ne2 Be5 59. Nd4+ Kg4 60.
Ke2 Bf6 61. Nb3 Bc3 62. Nd2 Kf5 63. Nc4 Bb4 64. Nd2 Bc3 65. Nb3 Kg4 66. Nc5 Kf5
67. g4+ Ke5 68. Kf1 Bb4 69. Nb3 Be7 70. Kg2 Bd8 71. Kg3 Be7 72. Nd4 Bf6 73. Nf5
Bg5 74. Nh4 Bd8 75. Ng2 Bg5 76. Nf4 Bd8 77. Nh3 Be7 78. g5 Kf5 79. Kh4 Bb4 80.
Kh5 Bc3 81. g6 Kf6 82. Ng5 Kf5 83. Nxe4 1-0

[Event "RUS Rapid GP Serpukhov"]
[Site "Serpukhov RUS"]
[Date "2018.02.24"]
[Round "7.2"]
[White "Grachev, Boris"]
[Black "Timofeev, Artyom"]
[Result "1/2-1/2"]
[WhiteTitle "GM"]
[BlackTitle "GM"]
[WhiteElo "2653"]
[BlackElo "2569"]
[WhiteFideId "4129199"]
[BlackFideId "4140419"]
[EventDate "2018.02.23"]

1. d4 d5 2. Nf3 Nf6 3. c3 e6 4. Bf4 Bd6 5. Bg3 Ne4 6. Nbd2 Nxg3 7. hxg3 f5 8. e3
Nd7 9. Bd3 Qf6 10. Nh4 g6 11. f4 Qg7 12. Nhf3 Nf6 13. Ne5 Bd7 14. Ndf3 O-O-O 15.
Qe2 h6 16. O-O-O g5 17. Rh2 Ne4 1/2-1/2

[Event "RUS Rapid GP Serpukhov"]
[Site "Serpukhov RUS"]
[Date "2018.02.24"]
[Round "7.3"]
[White "Pridorozhni, Aleksei"]
[Black "Alekseev, Evgeny"]
[Result "1/2-1/2"]
[WhiteTitle "GM"]
[BlackTitle "GM"]
[WhiteElo "2570"]
[BlackElo "2616"]
[WhiteFideId "4127870"]
[BlackFideId "4138147"]
[EventDate "2018.02.23"]

1. e4 c5 2. Nf3 e6 3. d4 cxd4 4. Nxd4 Nc6 5. Nc3 a6 6. Be3 Nf6 7. Qf3 Bb4 8.
Nxc6 bxc6 9. Bd3 d5 10. e5 Nd7 11. Qg3 Kf8 12. O-O Be7 13. Na4 c5 14. c4 d4 15.
Be4 Rb8 16. Bf4 Nb6 17. Nxb6 Qxb6 18. b3 Bb7 19. Rfe1 Bxe4 20. Rxe4 a5 21. Rd1
a4 22. Rd3 Qc6 23. Re1 h5 24. h4 g6 25. Bg5 Bxg5 26. Qxg5 Kg8 27. Rf3 Rh7 28.
Qf4 Rg7 29. Rd1 Qb7 30. Kh2 Qe7 31. Qe4 Qb7 32. Qf4 Qe7 33. Rdd3 Qc7 34. Kg1 Qe7
35. Rg3 Qc7 36. Rgf3 Qa5 37. Kh2 Qc7 38. Kh3 Qa5 39. Kh2 Qc7 40. Qg3 Qc6 41. Rf4
Qc7 42. Qg5 Qd7 43. Re4 Qc7 44. Qg3 Qc6 45. Rf4 Qc7 46. Re4 Qc6 47. Rf4 Qc7 48.
Rff3 Qc6 49. Qf4 Qc7 50. Qg3 Qc6 1/2-1/2

[Event "RUS Rapid GP Serpukhov"]
[Site "Serpukhov RUS"]
[Date "2018.02.24"]
[Round "7.4"]
[White "Kokarev, Dmitry"]
[Black "Rakhmanov, Aleksandr"]
[Result "1/2-1/2"]
[WhiteTitle "GM"]
[BlackTitle "GM"]
[WhiteElo "2608"]
[BlackElo "2655"]
[WhiteFideId "4132181"]
[BlackFideId "4173708"]
[EventDate "2018.02.23"]

1. e4 e5 2. Nf3 Nf6 3. Nxe5 d6 4. Nf3 Nxe4 5. d4 d5 6. Bd3 Bf5 7. O-O Be7 8. Re1
O-O 9. Nc3 Nxc3 10. bxc3 Bxd3 11. Qxd3 Nc6 12. Re2 Qd7 13. Bf4 a6 14. Rae1 Bf6
15. h3 Nd8 16. Bg5 Qd6 17. Qf5 Bxg5 18. Nxg5 g6 19. Qg4 h6 20. Nf3 Nc6 21. Re6
h5 22. Qg5 Qd7 23. R6e3 Kh7 24. g4 hxg4 25. Nh2 Qf5 26. Qxf5 1/2-1/2

[Event "RUS Rapid GP Serpukhov"]
[Site "Serpukhov RUS"]
[Date "2018.02.24"]
[Round "7.5"]
[White "Bocharov, Dmitry"]
[Black "Frolyanov, Dmitry"]
[Result "1-0"]
[WhiteTitle "GM"]
[BlackTitle "GM"]
[WhiteElo "2594"]
[BlackElo "2567"]
[WhiteFideId "4138716"]
[BlackFideId "4151976"]
[EventDate "2018.02.23"]

1. e4 c5 2. g3 d5 3. exd5 Qxd5 4. Nf3 Bg4 5. Bg2 Qe6+ 6. Kf1 Nc6 7. h3 Bh5 8. d3
Nf6 9. Nbd2 O-O-O 10. a3 c4 11. g4 Bg6 12. Ng5 Qd7 13. Nxc4 e5 14. Be3 Kb8 15.
b4 Qc7 16. Qe2 Nd5 17. Be4 Nc3 18. Qf3 Nxe4 19. Nxe4 Nd4 20. Bxd4 exd4 21. Re1
h5 22. Kg2 hxg4 23. hxg4 Rxh1 24. Rxh1 Be7 25. Ng3 f6 26. Nf5 Bf7 27. Qg3 Bf8
28. Qxc7+ Kxc7 29. Rh7 Rd7 30. Rh8 Be7 31. Nxg7 b5 32. Nd2 Kb7 33. Ne4 a5 34.
Nf5 axb4 35. Nxe7 Rxe7 36. Nc5+ Kc7 37. axb4 Bd5+ 38. Kg3 Re2 39. Rh5 Kd6 40.
Rf5 Rxc2 41. Rxf6+ Ke7 42. Rf4 1-0